000 00564nam a2200169Ia 4500
008 210716s1970 xx 000 0 und d
020 _a030789702
041 _aeng
082 _a155.9 PROH
100 _aProshansky, Harold M;Ittelson, William;Rivlin, Leanne G.
245 _aEnvironmental psychology: man and his physical setting.
_bMan and his phtsical setting.
250 _a1
260 _aNew York
_bHolt, Rinehart and winston Inc
_c1970
300 _axi,690
650 _aPsychology
700 _aIttelson, William;Proshansky, Harold M;Rivlin, Leanne G.
999 _c200928
_d200928